000 00536nam a2200217Ia 4500
003 OSt
005 20220928144211.0
006 a|||||r|||| 00| 0
007 ta
008 220927b |||||||| |||| 00| 0 eng d
024 _a63622
037 _cTextual
040 _aSDCL
_cSDCL
_beng
041 _2eng
_aeng
082 _aG:55:(X9)g, N6
100 _aGroenewgen Ed.
_9507377
245 0 _aGreening of industry.
260 _c1996
942 _hG:55:(X9)g, N6
_cTEXL
_2CC
999 _c826738
_d826738